JNIM au Mali : l’étranglement de Bamako et la stratégie du califat par consentement (notice n° 1667309)
[ vue normale ]
| 000 -LEADER | |
|---|---|
| fixed length control field | 01504cam a2200169 4500500 |
| 005 - DATE AND TIME OF LATEST TRANSACTION | |
| control field | 20260222003237.0 |
| 041 ## - LANGUAGE CODE | |
| Language code of text/sound track or separate title | fre |
| 042 ## - AUTHENTICATION CODE | |
| Authentication code | dc |
| 100 10 - MAIN ENTRY--PERSONAL NAME | |
| Personal name | Vidjingninou, Fiacre |
| Relator term | author |
| 245 00 - TITLE STATEMENT | |
| Title | JNIM au Mali : l’étranglement de Bamako et la stratégie du califat par consentement |
| 260 ## - PUBLICATION, DISTRIBUTION, ETC. | |
| Date of publication, distribution, etc. | 2026.<br/> |
| 500 ## - GENERAL NOTE | |
| General note | 50 |
| 520 ## - SUMMARY, ETC. | |
| Summary, etc. | This first publication in the section “Regards sur l’entre-deux” (Viewpoint on the space in between) dedicated to the interactions between culture and politics and created in 2005, focuses on a paradoxical modality of speaking: one of silent speech painted on a wall, as developed by the Chacón brigade in Chile. Drawing on previous examples of wall as support for politics, the article follows with the specific characteristics of the brigade through the testimony of a member. |
| 520 ## - SUMMARY, ETC. | |
| Summary, etc. | Ce premier dossier de la rubrique « Regards sur l’entre-deux », créée en 2005 et axée sur les interactions du culturel et du politique, porte son attention sur une modalité paradoxale de la prise de parole : parole muette, peinte sur un mur, que donne à voir la brigade Chacón au Chili. Cette expérience a des précédents que l’on examine avant d’en venir aux caractéristiques spécifiques de la brigade à travers le témoignage d’une brigadiste. |
| 786 0# - DATA SOURCE ENTRY | |
| Note | Cahiers de Conflits | Javier - février | 1 | 2026-01-16 | p. 32-41 |
| 856 41 - ELECTRONIC LOCATION AND ACCESS | |
| Uniform Resource Identifier | <a href="https://shs.cairn.info/revue-cahiers-de-conflits-2026-1-page-32?lang=fr&redirect-ssocas=7080">https://shs.cairn.info/revue-cahiers-de-conflits-2026-1-page-32?lang=fr&redirect-ssocas=7080</a> |
Pas d'exemplaire disponible.




Réseaux sociaux